000 01046cam a22002651 4500
001 s 48000006
003 DLC
005 20260227111912.0
008 790914s1945 onca 000 0 eng
010 _as 48000006
035 _a(OCoLC)5376497
040 _aDLC
_cNcGU
_dDLC
042 _apremarc
050 0 0 _aQH1
_b.C13 no. 99
100 1 _aRand, Austin Loomer,
_d1905-1982.
245 1 0 _aMammal investigations on the Canol road, Yukon and Northwest Territories, l944,
_cby A. L. Rand.
260 _aOttawa,
_bE. Cloutier, printer to the King,
_c1945.
300 _a52 p.
_billus. (incl. map)
_c25 cm.
490 1 _aCanada. National museum, Ottawa. Bulletin
_vno. 99.
_aBiological ser.
_vno. 28
500 _aAt head of title: Canada. Dept. of mines and resources. Mines and geology branch. National museum of Canada.
650 0 _aMammals
_zYukon.
650 0 _aMammals
_zNorthwest Territories.
830 0 _aBulletin (National Museum of Canada),
_vno. 99.
830 0 _aBulletin (National Museum of Canada).
_pBiological series,
_vno. 28.
999 _c52788
_d52788